[Event "Piacenza Region-ch"]
[Site "Piacenza"]
[Date "2024.01.27"]
[Round "3"]
[White "Mammi, Ottavio"]
[Black "Mrad, Anahid"]
[Result "1-0"]
[WhiteElo "1981"]
[BlackElo "1380"]
[PlyCount "147"]
[EventDate "2024.01.26"]
[EventType "swiss"]
[EventRounds "5"]
[EventCountry "ITA"]
[SourceTitle "CBM 218 Extra"]
[Source "ChessBase"]
[SourceDate "2024.03.31"]
[SourceVersion "1"]
[SourceVersionDate "2024.03.31"]
[SourceQuality "1"]

1. c4 e5 2. g3 c6 3. Bg2 d5 4. cxd5 cxd5 5. d4 e4 6. Nc3 Nf6 7. Bg5 Be7 8. e3 Nc6 9. Nge2 h6 10. Bxf6 Bxf6 11. Qb3 Be6 12. Qxb7 Rc8 13. 0-0 0-0 14. Nf4 Rc7 15. Qb5 Ne7 16. Nh5 Ng6 17. Nxf6+ gxf6 18. Qe2 Qd7 19. f3 f5 20. f4 Kh7 21. Rfc1 Rfc8 22. Qd2 Ne7 23. Bf1 Nc6 24. Bb5 Qe7 25. Na4 Bd7 26. Ba6 Nxd4 27. exd4 Rxc1+ 28. Rxc1 Rxc1+ 29. Qxc1 Bxa4 30. Qc3 e3 31. Be2 Qe6 32. Qd3 Qe4 33. b3 Bc6 34. Qxe4 fxe4 35. Kf1 Kg6 36. a4 Kf6 37. Bd1 Bb7 38. Ke2 Ba6+ 39. Kxe3 Bd3 40. b4 Ke6 41. Bb3 f5 42. Bd1 Kf6 43. Kf2 Kg6 44. h3 h5 45. g4 fxg4 46. hxg4 h4 47. b5 h3 48. Kg3 e3 49. Bf3 e2 50. Bxe2 Bxe2 51. Kxh3 Bd3 52. Kh4 Kf6 53. Kh5 Kf7 54. Kg5 Kg7 55. f5 Kf7 56. Kf4 Kf6 57. g5+ Kg7 58. Ke5 Kf7 59. g6+ Kg7 60. Ke6 Kg8 61. Kf6 Bc2 62. Kg5 Bd3 63. f6 Kf8 64. g7+ Kg8 65. Kf4 Bc4 66. Ke5 Bb3 67. a5 Bc4 68. b6 axb6 69. axb6 Ba6 70. Kxd5 Bb7+ 71. Ke6 Bc8+ 72. Ke7 Be6 73. b7 Kh7 74. b8Q 1-0

[Event "Wch U14 Girls"]
[Site "Montesilvano"]
[Date "2023.11.13"]
[Round "1"]
[White "Huseynova, Lala"]
[Black "Mrad, Anahid"]
[Result "1-0"]
[WhiteElo "1867"]
[BlackElo "1378"]
[PlyCount "65"]
[EventDate "2023.11.13"]
[EventType "swiss"]
[EventRounds "11"]
[EventCountry "ITA"]
[SourceTitle "CBM 217 Extra"]
[Source "ChessBase"]
[SourceDate "2024.01.31"]
[SourceVersion "1"]
[SourceVersionDate "2024.01.31"]
[SourceQuality "1"]

1. e4 e5 2. Nf3 Nc6 3. Bb5 f5 4. d3 fxe4 5. dxe4 d6 6. Nc3 Nf6 7. h3 h6 8. Nh4 Be6 9. Ng6 Rg8 10. 0-0 Bf7 11. Nxf8 Rxf8 12. f4 Qe7 13. Nd5 Qd7 14. fxe5 Nxe4 15. Re1 Nf2 16. e6 Bxe6 17. Qe2 Rf5 18. Qxe6+ Qxe6 19. Rxe6+ Kf7 20. Re2 Nd1 21. Rd2 a6 22. Ba4 Rc8 23. Rxd1 Ke6 24. Bb3 Kd7 25. Be3 Re8 26. Rf1 Rh5 27. Rf7+ Kc8 28. Rxc7+ Kb8 29. Rxg7 Rh8 30. Rf1 Rh4 31. Rff7 Rc8 32. Rxb7+ Ka8 33. Nb6# 1-0

[Event "ITA-ch U12 Girls"]
[Site "Tarvisio"]
[Date "2023.07.09"]
[Round "9"]
[White "Solomon, Eleonora"]
[Black "Mrad, Anahid"]
[Result "0-1"]
[WhiteElo "1007"]
[BlackElo "1197"]
[PlyCount "68"]
[EventDate "2023.07.02"]
[EventType "swiss"]
[EventRounds "9"]
[EventCountry "ITA"]
[SourceTitle "EXT 2024"]
[Source "ChessBase"]
[SourceDate "2023.10.10"]
[SourceVersion "1"]
[SourceVersionDate "2023.10.10"]
[SourceQuality "1"]

1. e4 e5 2. Nf3 Nc6 3. Bc4 Nf6 4. d3 Bc5 5. Nc3 d6 6. Na4 Bb4+ 7. c3 Ba5 8. b4 Bb6 9. Nxb6 axb6 10. 0-0 0-0 11. h3 d5 12. exd5 Nxd5 13. Qb3 Nf4 14. Bxf4 exf4 15. Qc2 Bf5 16. Rad1 Qf6 17. Kh2 Ra3 18. Rc1 Ne5 19. Nxe5 Qxe5 20. Rfe1 Qf6 21. Qb2 Raa8 22. Rcd1 Qh4 23. f3 Qg3+ 24. Kh1 Rfe8 25. Rf1 Re3 26. Qf2 Qg6 27. Rfe1 Bxd3 28. Bxd3 Rxd3 29. Qe2 Re3 30. Qd2 h6 31. Rxe3 fxe3 32. Qxe3 Rxa2 33. Qe8+ Kh7 34. Qe4 f5 0-1

[Event "ITA-ch U12 Girls"]
[Site "Tarvisio"]
[Date "2023.07.07"]
[Round "7"]
[White "Cara Romeo, Lavinia"]
[Black "Mrad, Anahid"]
[Result "0-1"]
[WhiteElo "1525"]
[BlackElo "1197"]
[PlyCount "58"]
[EventDate "2023.07.02"]
[EventType "swiss"]
[EventRounds "9"]
[EventCountry "ITA"]
[SourceTitle "EXT 2024"]
[Source "ChessBase"]
[SourceDate "2023.10.10"]
[SourceVersion "1"]
[SourceVersionDate "2023.10.10"]
[SourceQuality "1"]

1. e4 e5 2. Nf3 Nc6 3. Bc4 Nf6 4. d3 Bc5 5. c3 d6 6. Nbd2 a6 7. Bb3 Ba7 8. 0-0 h6 9. Re1 Qe7 10. Nf1 g5 11. Ng3 g4 12. Nd2 h5 13. Nf5 Bxf5 14. exf5 Qd7 15. Bc2 0-0-0 16. c4 Nd4 17. Ne4 Qxf5 18. b4 h4 19. Nxf6 Nxc2 20. Qxc2 Qxf6 21. c5 h3 22. a4 hxg2 23. cxd6 Rxd6 24. Qe2 Bd4 25. Qxg4+ Kb8 26. Ra2 Qd8 27. b5 Rg6 28. Qe4 f5 29. Qf3 Qh4 0-1

[Event "ITA-ch U12 Girls"]
[Site "Tarvisio"]
[Date "2023.07.05"]
[Round "4"]
[White "Scurati, Maria"]
[Black "Mrad, Anahid"]
[Result "0-1"]
[WhiteElo "1142"]
[BlackElo "1197"]
[PlyCount "60"]
[EventDate "2023.07.02"]
[EventType "swiss"]
[EventRounds "9"]
[EventCountry "ITA"]
[SourceTitle "EXT 2024"]
[Source "ChessBase"]
[SourceDate "2023.10.10"]
[SourceVersion "1"]
[SourceVersionDate "2023.10.10"]
[SourceQuality "1"]

1. e4 e5 2. Nf3 Nc6 3. Bc4 Nf6 4. Ng5 d5 5. exd5 Na5 6. Bb5+ c6 7. dxc6 bxc6 8. Ba4 h6 9. Nf3 e4 10. Qe2 Be6 11. Ne5 Qd4 12. Nxc6 Qxa4 13. Nxa5 Qxa5 14. Nc3 Bd6 15. Nxe4 Nxe4 16. Qxe4 0-0 17. 0-0 Bf5 18. Qc6 Qe5 19. f4 Bc5+ 20. Kh1 Qe2 21. Qf3 Qxf3 22. Rxf3 Rfe8 23. Rf1 Bxc2 24. h3 Bd3 25. Rf3 Re1+ 26. Kh2 Be4 27. Rc3 Bg1+ 28. Kg3 Re2 29. Kh4 Rxg2 30. Rg3 Bf2 0-1

[Event "Piacenza Region-ch"]
[Site "Piacenza"]
[Date "2023.01.14"]
[Round "3"]
[White "Mrad, Anahid"]
[Black "Pambieri, Nicole"]
[Result "1-0"]
[WhiteElo "1109"]
[BlackElo "999"]
[PlyCount "43"]
[EventDate "2023.01.13"]
[EventType "swiss"]
[EventRounds "5"]
[EventCountry "ITA"]
[SourceTitle "CBM 212 Extra"]
[Source "ChessBase"]
[SourceDate "2023.03.31"]
[SourceVersion "1"]
[SourceVersionDate "2023.03.31"]
[SourceQuality "1"]

1. e4 e5 2. Nf3 Nc6 3. Bc4 Nf6 4. Ng5 d5 5. exd5 Nxd5 6. Nxf7 Kxf7 7. Qf3+ Ke6 8. Nc3 Ncb4 9. 0-0 c6 10. Qe4 b5 11. Bb3 Bc5 12. Re1 Qd6 13. d4 Bb6 14. dxe5 Qf8 15. Be3 Bxe3 16. Rxe3 Qc5 17. Qg4+ Ke7 18. Qxg7+ Ke8 19. Qxh8+ Kd7 20. Rf3 Nxc3 21. Rf7+ Qe7 22. Rxe7+ 1-0

[Event "Emilia Romagna tt op"]
[Site "Piacenza"]
[Date "2022.09.23"]
[Round "1"]
[White "Visintin, Francesco"]
[Black "Mrad, Anahid"]
[Result "0-1"]
[WhiteElo "999"]
[BlackElo "1055"]
[PlyCount "60"]
[EventDate "2022.09.23"]
[EventType "team-swiss"]
[EventRounds "5"]
[EventCountry "ITA"]
[SourceTitle "EXT 2023"]
[Source "ChessBase"]
[SourceDate "2022.10.05"]
[SourceVersion "1"]
[SourceVersionDate "2022.10.05"]
[SourceQuality "1"]
[WhiteTeam "Bertinelli Young"]
[BlackTeam "Bertellini Young"]
[WhiteTeamCountry "ITA"]
[BlackTeamCountry "ITA"]

1. e4 e5 2. Nf3 Nc6 3. Bc4 Bc5 4. 0-0 Nf6 5. d4 exd4 6. e5 Ne4 7. Qe2 d5 8. exd6 Bf5 9. Ng5 0-0 10. Nxe4 Re8 11. Bd3 cxd6 12. Qf3 Bg6 13. Nxc5 Ne5 14. Qg3 dxc5 15. Bf4 Nxd3 16. cxd3 c4 17. dxc4 Rc8 18. Nd2 d3 19. Rfe1 Rxe1+ 20. Rxe1 h6 21. b3 Qd7 22. Rd1 Rc6 23. Nf3 Qe8 24. Ne5 Re6 25. f3 Bf5 26. Ng4 Bxg4 27. fxg4 Re4 28. Kf1 Rxf4+ 29. Kg1 Qe2 30. Qxd3 Rf1+ 0-1